Finish the word - Statistics

General Stats
  • This quiz has been taken 36 times
  • The average score is 4 of 8
Answer Stats
Hint Answer % Correct
ken ny
54%
ash ton
54%
cr uz
50%
Ro han
46%
elli e
42%
tan ner
42%
Rol llins
38%
Ri gga
31%
No matching quizzes found
Score Distribution
Percent of People with Each Score
Percentile by Number Answered
Your Score History
You have not taken this quiz